=LDR 00000nam 2200000 4500 =001 INLIS000000000023009 =005 20201116095734 =035 ##$$a 0010-061300000023009 =008 201116################g##########0#ind## =041 ##$$a Ind =082 ##$$a 320.607 6 =090 ##$$a 320.607 6, Nas b =100 ##$$a Nasehatun, Apandi =245 1#$$a Budget dan control : $b Sistem perencanaan dan pengendalian terpadu konsep dan penerapan /$c Apandi Nasehatun, S.E. =260 ##$$a Jakarta :$b Gramedia,$c 1999 =300 ##$$a x, 237 hlm, : $b ilus. ; $c 23 x 15 cm. =650 #4$$a Ekonomi =850 ##$$a NBPNMAT =084 ##$$a 320.607 6 NAS b =504 ##$$a Bibliografi : hlm.235 =520 ##$$a Biografi :hlm.237 =990 ##$$a 20606472 =990 ##$$a 20606471 =990 ##$$a 11821182 =990 ##$$a 10172 =990 ##$$a 20606472 =990 ##$$a 20606471